000 00406nam a22001097a 4500
008 230606b xxu||||| |||| 00| 0 eng d
082 _a338.96762
_bNDE
245 _aDevelopment and Employment in Kenya
_bA Strategy for the Transformation of he Economy: Report of the Presidential Committee on Employment
260 _aKenya
_bHis Excellency the President
_cJanuary, 1991
300 _aiii, 279 p
942 _2ddc
_cBK
999 _c539
_d539